Michael Jackson Number Ones - Statistics

General Stats
  • This quiz has been taken 49 times
  • The average score is 13 of 17
Answer Stats
Album Year Answer % Correct
Bad 1987 Bad
100%
Thriller 1982 Thriller
100%
Thriller 1982 Billie Jean
93%
Bad 1987 Smooth Criminal
91%
Thriller 1982 Beat It
87%
Dangerous 1991 Black or White
82%
Bad 1987 Man In The Mirror
82%
Ben 1972 Ben
80%
Bad 1987 Dirty Diana
73%
Off The Wall 1979 Rock With You
73%
Bad 1987 The Way You Make Me Feel
64%
Off The Wall 1979 Don't Stop 'Til You Get Enough
62%
Invincible 2001 You Rock My World
62%
Blood on The Dance Floor 1997 Blood on The Dance Floor
58%
HIStory 1995 You Are Not Alone
58%
HIStory 1995 Earth Song
56%
Bad 1987 I Just Can't Stop Loving You
49%
No matching quizzes found
Score Distribution
Percent of People with Each Score
Percentile by Number Answered
Your Score History
You have not taken this quiz